LEADER 01573cam0-22005531i-450- 001 990003820270403321 005 20090511114847.0 010 $a88-15-04623-2 035 $a000382027 035 $aFED01000382027 035 $a(Aleph)000382027FED01 035 $a000382027 100 $a20030910d1994----km-y0itay50------ba 101 1 $aita$ceng 102 $aIT 105 $ay-------001yy 200 1 $a<>migrazioni internazionali e l'Europa$eun profilo storico comparato$fSarah Collinson 210 $aBologna$cil Mulino$d1994 215 $a269 p.$d22 cm 225 1 $aGrandangolo 454 0$12001$aEurope and international migration$914030 610 0 $aMigrazione$aEuropa$aStoria 610 0 $aImmigrazione$aEuropa 610 0 $aImmigrati$aEuropa 610 0 $aEuropa$aMigrazioni 610 0 $aMigrazioni 610 0 $aGeografia della popolazione$aGeografia umana 610 0 $aEuropa$aImmigrazione 676 $a304.8094 676 $a040.007 676 $a325.4 700 1$aCollinson,$bSarah$0116920 801 0$aIT$bUNINA$gRICA$2UNIMARC 901 $aBK 912 $a990003820270403321 952 $a304.8094 COL 1$b69$fBFS 952 $a040.007.COL.$b1703$fDECGE 952 $aA-EU 0057$bI.G.1098$fILFGE 952 $aSE 108.06.26-$b4475$fDECSE 952 $aVII A 494$b24705$fFSPBC 952 $aXXVIII 957$b390$fDDCIC 959 $aBFS 959 $aILFGE 959 $aDECGE 959 $aDECSE 959 $aFSPBC 959 $aDDCIC 996 $aEurope and international migration$914030 997 $aUNINA LEADER 01398nam2 2200349 i 450 001 CFI0088934 005 20251003044120.0 010 $a8808038106 020 $aIT$b89-3959 100 $a20160404d1988 ||||0itac50 ba 101 | $aita 102 $ait 181 1$6z01$ai $bxxxe 182 1$6z01$an 183 1$6z01$anc$2RDAcarrier 200 1 $aDella potestà dei genitori$eart. 315-342$fLuigi Ferri 210 $aBologna$cN. Zanichelli$aRoma$cSoc. ed. del Foro italiano$d1988 215 $aXIV, 184 p.$d25 cm. 462 1$1001MIL0047162$12001 $aLibro primo$eDelle persone e della famiglia. 606 $aPatria potestà$2FIR$3CFIC001463$9I 676 $a346.017$9DIRITTO PRIVATO. GENITORI E FIGLI$v20 676 $a346.45017$9FILIAZIONE. ITALIA$v21 676 $a346.45017$9DIRITTO PRIVATO. GENITORI E FIGLI. ITALIA$v23 686 $aII A$cDIRITTO PRIVATO - Diritto civile$2BGG 700 1$aFerri$b, Luigi$f <1914-2007>$3CFIV035924$4070$0437307 801 3$aIT$bIT-000000$c20160404 850 $aIT-BN0095 $aIT-NA0079 $aIT-NA0070 912 $aCFI0088934 950 2$aBiblioteca Centralizzata di Ateneo$c1 v.$d 01COM (AR) 346.45 COM SCI$e 01AR 0070041925 VMA A4 1 v.$fB $h20250108$i20250108 977 $a 01$a BN$a BU 996 $aDella potestà dei genitori$9701395 997 $aUNISANNIO